| 000 | 00469nam a22001577a 4500 | ||
|---|---|---|---|
| 020 | _a81-219-0500-1 | ||
| 082 |
_a624.02 _bVazirani V.N. _cL- NUST, P- 41 |
||
| 100 |
_aV.N. Vazirani _913491 |
||
| 245 | _aConcise handbook of civil engineering | ||
| 250 | _a3rd ed. | ||
| 260 |
_aNew Delhi _bChand & Company Ltd. _c1999 |
||
| 300 |
_aviii, 1045p.: _bill.; _c24cm. |
||
| 526 |
_a0 _b0 _c0 _d624_020000000000000_VAZIRANI_V |
||
| 650 |
_aNUST / MCE _926909 |
||
| 942 |
_2ddc _cBK |
||
| 999 |
_c550450 _d550450 |
||